000
00334nam a22001457a 4500
999
_c
58008
_d
58005
020
_a
9699739401
020
_a
978-9699739408
082
_a
954.9205HAQ
100
_a
Dalim, Shariful Haq
245
_a
Bangladesh Untold Facts
260
_a
Lahore:
_b
Jumhoori Pub,
_c
2015.
300
_a
460p. ;
650
_a
Bangladesh
942
_c
BK